Govt. of
Madhya Pradesh

India's Saffron Surge (Record no. 3453)

MARC details
000 -LEADER
fixed length control field 004790000a22001810004500
003 - CONTROL NUMBER IDENTIFIER
control field MACL
005 - DATE AND TIME OF LATEST TRANSACTION
control field 20160114132010.0
008 - FIXED-LENGTH DATA ELEMENTS--GENERAL INFORMATION
fixed length control field 150711b xxu||||| |||| 00| 0 eng d
040 ## - CATALOGING SOURCE
Original cataloging agency MACL
Transcribing agency MACL
041 ## - LANGUAGE CODE
Language code of text/sound track or separate title English
082 ## - DEWEY DECIMAL CLASSIFICATION NUMBER
Classification number 320/AGH
100 ## - MAIN ENTRY--PERSONAL NAME
Personal name Aghadi, Bharatiya Janwadi
9 (RLIN) 1769
245 ## - TITLE STATEMENT
Title India's Saffron Surge
Remainder of title Renaissance or Fascism?
260 ## - PUBLICATION, DISTRIBUTION, ETC. (IMPRINT)
Name of publisher, distributor, etc. Bharatiya Janwadi Aghadi
Date of publication, distribution, etc. 1993
Place of publication, distribution, etc. Bombay
350 ## - PRICE (NR) (BK AM CF MU VM SE) [OBSOLETE]
Price 45
650 ## - SUBJECT ADDED ENTRY--TOPICAL TERM
Topical term or geographic name as entry element Political science
9 (RLIN) 88
942 ## - ADDED ENTRY ELEMENTS (KOHA)
Koha item type Books
Call number prefix 320
Source of classification or shelving scheme
Holdings
Withdrawn status Lost status Source of classification or shelving scheme Damaged status Not for loan Home library Current library Date acquired Cost, normal purchase price Total Checkouts Full call number Barcode Date last seen Date last checked out Uniform Resource Identifier Price effective from Koha item type
          MACL MACL 11/07/2015 45.00 3 320/AGH CRE007480 02/05/2024 05/09/2017 3433 15/04/2015 Books